000 02055nam a2200397 c 4500
003 BLK
005 20230224170543.0
008 180408b bul|||||r ||||||| ||bul||
010 _aKNG00039668000
020 _a5-237-01333-3
_bиздат.: АСТ - на том
040 _aBLK
041 _aRUS
_cRUS
080 _aОбщи енциклопедии. Енциклопедични речници. Научни справочници. Отраслови енциклопедии и справочници се класират в съответните отдели с определител за форма
_b03
_x
_z03
080 _aМатематика
_b51
_x(031)
_z51(031)
700 1 _aСавин, Анатолий Павлович
_eавт.-состав. на том
_9275054
700 1 _aСтанцо, Владимир Виталиевич
_eавт.-состав. на том
_9123714
700 1 _aКотова, Анна Юриевна
_eавт.-состав. на том
_9275055
139 _aЯ познаю мир
_bЯ 11
245 1 0 _aЯ познаю мир
_bДет. энцикл.
_cавт.-состав. на том Анатолий Павлович Савин; авт.-состав. на том Владимир Виталиевич Станцо; авт.-состав. на том Анна Юриевна Котова.
_pМатематика
257 _aRUS
260 Москва
_c1998 -
_fМинск : ППП им. Я. Коласа
300 _c21 см
380 _a0
490 1 _aЯ познаю мир
650 4 _aМатематика - енциклопедии и справочници
_9272746
653 _aматематика
653 _aенциклопедии
653 _aлитература за деца
653 _aдетска литература
760 1 _3- на том
_dАСТ, 1999
_h480 с.
_nПредм.-имен. указ.
_t Математика
852 _aЦб 201842
856 4 _qpdf
_u
856 4 _qpdf
_u
942 _cKNG
_n0
_03
944 _aCR
_c15.01.2003
_kЛюдмила_Стоянова
944 _aED
_c09.12.2005
_k
999 _c36651
_d36651